Top 10 Most and Top 10 least valued currencies in the World - Statistics

General Stats
  • This quiz has been taken 24 times
    13 since last reset
  • The average score is 13 of 20
Answer Stats
Valuation Position Currency code Country Cost in dollars Currency % Correct
Most valued 10th USD USA - American Dollar
100%
Most valued 8th EUR Some european countries US$1,13 Euro
100%
Most valued 2nd BHD Bahrain US$2,65 Bahrain Dinar
92%
Most valued 1st KWD Kuwait US$3,25 Kuwaiti Dinar
92%
Most valued 5th GBP United Kingdom US$1,26 Pound Sterling
92%
Most valued 4th JOD Jordan US$1,41 Jordanian Dinar
83%
Most valued 7th KYD Cayman Islands US$1,20 Cayman Islands Dollar
75%
Most valued 6th GIP Gibraltar US$1,23 Gibraltar Pound
75%
Most valued 9th CHF Switzerland US$1,06 Swiss Franc
75%
Less valued 2nd IRR Iran US$0,000024 Iranian Rial
58%
Less valued 1st VES Venezuela US$0,0000046 Venezuelan Sovereign Bolivar
58%
Less valued 3rd VND Vietnam US$0,000043 Dong
50%
Less valued 7th GNF Guinea US$0,00010 Guinea Franc
50%
Most valued 3rd OMR Oman US$2,60 Oman Rial
50%
Less valued 4th IDR Indonesia US$0,000069 Indonesian Rupee
42%
Less valued 6th SLL Sierra Leone US$0,00010 Leone
42%
Less valued 5th UZS Uzbekistan US$0,000098 Uzbek Som
42%
Less valued 9th PYG Paraguay US$0,00015 Guaraní
33%
Less valued 10th KHR Cambodia US$0,00024 Cambodian Riel
25%
Less valued 8th LAK Laos US$0,00011 Kip
25%
No matching quizzes found
Score Distribution
Percent of People with Each Score
Percentile by Number Answered
Your Score History
You have not taken this quiz since the last reset